| 000 | 00704nam a2200229 i 4500 | ||
|---|---|---|---|
| 001 | 81374 | ||
| 003 | ES-MaACL | ||
| 005 | 20250911062646.0 | ||
| 007 | t| | ||
| 008 | 041104s1943 sp ||||1| spa d | ||
| 080 | _a821.111-31"19" | ||
| 100 | 1 |
_aHughes, Richard. _964616 |
|
| 245 | 1 | 0 |
_aHuracán en Jamaica / _cRichard Hughes ; traducción del inglés por Rafael Vázquez Zamora. |
| 250 | _a1ª ed. | ||
| 260 |
_aBarcelona : _bDestino, _c1943 ( _fAgustín Núñez) |
||
| 300 |
_a266 p. ; _c20 cm. |
||
| 490 | 1 |
_aÁncora y delfín ; _v13 |
|
| 700 | 1 |
_aVázquez Zamora, Rafael, _d1911-1972 _9113498 |
|
| 830 | 1 | 0 |
_aÁncora y Delfín _v13 _9151298 |
| 852 |
_aES-MaACL _jB-3091 |
||
| 999 |
_c81374 _d81374 |
||